Debt Overhang, Loquidity Constraints and Adjustment Incentives

Gespeichert in:
Bibliographische Detailangaben
1. Verfasser: Hofman, Bert
Weitere Verfasser: Reisen, Helmut
Format: Buch
Sprache:Englisch
Veröffentlicht: Kiel Institut für Weltwirtschaft 1990
Ausgabe:1. ed.
Schriftenreihe:Working Paper No.432
Tags: Tag hinzufügen
Keine Tags, Fügen Sie das erste Tag hinzu!

MARC

LEADER 00000nam a2200000 4500
001 c029223
005 20221215113532.2
041 0 |a eng 
044 |a DE 
245 1 0 |a Debt Overhang, Loquidity Constraints and Adjustment Incentives  |c Bert Hofman, Helmut Reisen 
250 |a 1. ed. 
264 1 |a Kiel  |b Institut für Weltwirtschaft  |c 1990 
300 |a 33 s. 
490 1 |a Working Paper  |v No.432 
830 0 |a Working Paper  |v No.432 
100 1 |a Hofman, Bert 
700 1 |a Reisen, Helmut